| 000 | 00622nam a22001937a 4500 | ||
|---|---|---|---|
| 005 | 20251108175141.0 | ||
| 008 | 250721s9999 xx 000 0 ara d | ||
| 082 | 1 | 4 | _a811.09/رشي |
| 100 | 1 | _aالرشيد، عبدالله سليم | |
| 245 | 1 | 0 | _aشعر الجن في التراث العربي مظاهر و قضايا و دلالات / |
| 264 | 1 |
_aالرياض : _bالمجلة العربية، _c[200-]. |
|
| 300 | _a87 ص. | ||
| 650 | 1 | 7 | _aالشعر العربي |
| 650 | 1 | 7 | _aالسحر و التنجيم |
| 650 | 1 | 7 | _aالنقد الأدبي |
| 653 | _aالجن | ||
| 942 |
_2ddc _cBK |
||
| 999 |
_c127371 _d127371 |
||